|
|
|
|
| LEADER |
01127nam a2200289 a 4500 |
| 001 |
16113315 |
| 008 |
130722r20102007enka b 001 0 eng d |
| 010 |
|
|
|a 2010291529
|
| 020 |
|
|
|a 9780199289660 (pbk.)
|
| 020 |
|
|
|a 0199289662 (pbk.)
|
| 040 |
|
|
|a UKM
|c UKM
|d BTCTA
|d YDXCP
|d DLC
|d BD-DhAAL.
|
| 082 |
0 |
4 |
|a 320.9
|2 22
|
| 245 |
0 |
0 |
|a Party politics in new democracies /
|c edited by Paul Webb, Stephen White
|
| 260 |
|
|
|a Oxford, UK ;
|a New York :
|b Oxford University Press,
|c c2007 [Reprinted 2010]
|
| 300 |
|
|
|a xvi, 375 p. :
|b ill. ;
|c 25 cm.
|
| 490 |
0 |
|
|a Comparative politics
|
| 500 |
|
|
|a Originally published: 2007.
|
| 504 |
|
|
|a Includes bibliographical references and index.
|
| 541 |
|
|
|e 00027240
|
| 650 |
|
0 |
|a New democracies.
|
| 650 |
|
0 |
|a Politics, Practical.
|
| 650 |
|
0 |
|a Comparative government.
|
| 700 |
1 |
|
|a Webb, Paul
|q (Paul D.)
|
| 700 |
1 |
|
|a White, Stephen,
|d 1945-
|
| 852 |
1 |
|
|a Ayesha Abed Library
|j General shelf.
|
| 999 |
|
|
|c 13701
|d 13701
|
| 952 |
|
|
|0 0
|1 0
|2 ddc
|4 0
|6 320_900000000000000_PAR
|7 0
|9 22942
|a IGS
|b IGS
|c GEN
|d 2013-07-24
|e Paragon Enterprises Ltd.
|g 2524.00
|l 0
|o 320.9 PAR
|p 3010027240
|r 2013-07-24
|t 1
|w 2013-07-24
|y BK
|